000 00487nam a22001697a 4500
003 CEME
005 20210628205800.0
008 210316b xxu||||| |||| 00| 0 eng d
040 _c.
082 _a297.63 MUH
100 _aSufi Muhammad Nadeem Muhammadi
_977018
245 _aEncyclopedia tufah fazayal-e-darood sharif
260 _aLAHORE
_bSHABAZ PUBLISHER
_c1998
300 _a604P
650 _aISLAM-TUFAH FAZAYAL-E-DAROOD SHARIF DAROOD SHARIF-FAZAYAL
_977019
942 _cBK
_2ddc
999 _c582335
_d582335